I.v.a. : legislación comentada, jurisprudencia, práctica. actualizado a 1996 /
Guardado en:
| Autor Principal: | |
|---|---|
| Otros Autores: | |
| Formato: | Libro |
| Publicado: |
Buenos Aires :
Aplicación Tributaria,
1996
|
| Materias: | |
| Etiquetas: |
Agregar Etiqueta
Sin Etiquetas, Sea el primero en etiquetar este registro!
|
| LEADER | 00700nam a22002175a 4500 | ||
|---|---|---|---|
| 001 | CEM.cems009649 | ||
| 005 | 20081209122947.0 | ||
| 008 | 130507s1996##################000#0#####d | ||
| 003 | CEMS | ||
| 082 | 0 | 4 | |a 336.278 |
| 100 | 1 | |a Benchimol, Mariano | |
| 245 | 1 | 0 | |a I.v.a. : |b legislación comentada, jurisprudencia, práctica. actualizado a 1996 / |c Mariano Benchimol, Marcelo Bustinduy |
| 260 | |a Buenos Aires : |b Aplicación Tributaria, |c 1996 | ||
| 300 | |a 106 p. | ||
| 653 | |a Contabilidad | ||
| 653 | |a Economía | ||
| 653 | |a Impuestos | ||
| 653 | |a Iva | ||
| 653 | |a Impuesto al valor agregado | ||
| 700 | 1 | |a Bustinduy, Marcelo | |
| 859 | |a CEMS |b BIB. CEMS - 11 de abril |h 336.278 |i B432 |p 19874.98 |t Ej.1 |v 1996 |3 1996 | ||
